Baustoffrecycling <Ein> Ansatz gezielten Umweltmanagements

Salvato in:
Dettagli Bibliografici
Natura: Libro
Lingua:tedesco
Pubblicazione: Wien Manz 1990
Edizione:1. Aufl.
Serie:Praxisfälle der Betriebswirtschaftlichen Unternehmensführung Bd.8
Soggetti:
Tags: Aggiungi Tag
Nessun Tag, puoi essere il primo ad aggiungerne!!

MARC

LEADER 00000nam a2200000 4500
001 c004697
005 20221206122314.7
020 |a 3-214-08209-4 
041 0 |a ger 
044 |a AT 
245 1 0 |a Baustoffrecycling  |b <Ein> Ansatz gezielten Umweltmanagements 
250 |a 1. Aufl. 
264 1 |a Wien  |b Manz  |c 1990 
300 |a 272 s. 
490 1 |a Praxisfälle der Betriebswirtschaftlichen Unternehmensführung  |v Bd.8 
830 0 |a Praxisfälle der Betriebswirtschaftlichen Unternehmensführung  |v Bd.8 
610 2 0 |a prostredie životné 
610 2 0 |a manažment 
610 2 0 |a recyklácia odpadu 
610 2 0 |a stavebníctvo 
610 2 0 |a Rakúsko 
610 2 0 |a hmoty stavebné 
610 2 0 |a skládky odpadu 
610 2 0 |a odbyt 
610 2 0 |a investície 
610 2 0 |a obchod 
610 2 0 |a koncepcie 
610 2 0 |a stratégia podniková